Random Geography Quiz - P _ _ _ _ _ _ - Statistics

General Stats
  • This quiz has been taken 960 times
  • The average score is 8 of 20
Answer Stats
Hint Answer % Correct
One of the world's oceans Pacific
100%
Patron saint of Ireland Patrick
90%
Gulf between Saudi Arabia and Iran Persian
90%
King of Ancient Egypt Pharaoh
71%
River where Washington, D.C. is located Potomac
71%
Dry spice originating from Mexico and featured in Hungarian cuisines Paprika
55%
Geographic term for an area of flat highland Plateau
54%
Historic state located around present-day Germany Prussia
54%
Language spoken in India and Pakistan Punjabi
47%
Flightless bird native to the Southern Hemisphere Penguin
39%
Railway station in London: St. _______ International Pancras
33%
A person from a specific ethnic group in Afghanistan and Pakistan Pashtun
33%
Word found in five Indian state names Pradesh
29%
Capital of French Polynesia Papeete
26%
Astronomer who said that the Earth is at the centre of the Universe Ptolemy
18%
Atoll which is an incorporated territory of the United States Palmyra
6%
Special administration area in the east of Thailand Pattaya
6%
Island where Palikir is located Pohnpei
5%
Airport serving St. Petersburg, Russia Pulkovo
5%
One of former names of Bratislava, still in use in Hungary Pozsony
3%
No matching quizzes found
Score Distribution
Percent of People with Each Score
Percentile by Number Answered
Your Score History
You have not taken this quiz